Visualizzazione normale
Vista MARC
- Jarrett Keith
di Personal Name
Records bibliografici associati: 6
001 - CONTROL NUMBER
- control field: 11832
003 - CONTROL NUMBER IDENTIFIER
- control field: IT-RoPau
005 - DATE AND TIME OF LATEST TRANSACTION
- control field: 20140201170140.0
008 - FIXED-LENGTH DATA ELEMENTS
- fixed length control field: 140201|| aca||aabn | a|a d
040 ## - CATALOGING SOURCE
- Original cataloging agency: IT-RoPau
- Transcribing agency: IT-RoPau
100 ## - HEADING--PERSONAL NAME
- Personal name: Jarrett Keith
670 ## - SOURCE DATA FOUND
- Source citation: Work cat.: (IT-RoPau)100609: Jarrett Keith, Koln Concert (The)